000 01585namaa22003491i 4500
003 EG-GICUC
005 20260119110646.0
008 260119s1989 ua ||||jr|||| 000 0 ara d
017 _a1979 / 4728
_bدار الكتب والوثائق القومية (مصر)
020 _a9772017784
040 _aEG-GiCUC
_bara
_cEG-GiCUC
_dEG-GiCUC
_erda
082 0 4 _221
_a811.009
_bB1449
092 0 4 _221
_a811.009
_bB1449
099 _a811.009 B1449 1989
100 1 _aالبغدادى، عبد القادر بن عمر،
_d1621-1682.
_eمؤلف.
245 1 _aخزانة الأدب ولب لباب لسان العرب /
_cتأليف عبد القادر عمر البغدادى ؛ تحقيق وشرح عبد السلام هارون
250 _aالطبعة الثالثة
264 _aالقاهرة (مصر) :
_bمكتبة الخانجى،
_c1989
300 _a؛ 13 مجلد
_c24 سم
_bإيضاحيات، صور، مثيليات ؛ Illustrations
336 _2rdacontent
_atext
337 _2rdamedia
_aUnmediated
338 _2rdacarrier
_avolume
504 _aيشتمل على ارجاعات ببليوجرافية
541 _aد. جابر عصفور ؛
_bالقاهرة ؛
_cإهداء ؛
_d2024.
650 1 7 _aالشعر العربى
_xتاريخ و نقد
_2qrmak
650 1 7 _aالشعر العربى
_vالاعمال الاولية حتى 1800
_xتاريخ و نقد
_2qrmak
650 1 7 _aاللغة العربية
_xالنحو
_2qrmak
651 1 _2qrmak
700 1 _aهارون، عبد السلام محمد
_eمحقق.
905 _aHuda
942 _2ddc
_cBK
_e21
_n0
999 _c177843
_d177843